NFL 2024 Team Receiving Yard Leaders - Statistics

General Stats
  • This quiz has been taken 201 times
    79 since last reset
  • The average score is 27 of 32
Answer Stats
Team Yards Player % Correct
CIN 1,708 Ja'Marr Chase
100%
MIN 1,533 Justin Jefferson
100%
DET 1,263 Amon-Ra St. Brown
97%
DAL 1,194 Ceedee Lamb
96%
PHI 1,079 A.J. Brown
94%
NYG 1,204 Malik Nabers
93%
LAR 990 Puka Nacua
93%
BAL 1,059 Zay Flowers
93%
ATL 1,271 Drake London
91%
CLE 1,229 Jerry Jeudy
91%
TBB 1,004 Mike Evans
91%
HOU 1,006 Nico Collins
91%
MIA 959 Tyreek Hill
91%
NYJ 1,104 Garrett Wilson
90%
JAX 1,282 Brian Thomas Jr.
88%
WAS 1,096 Terry McLaurin
88%
LVR 1,194 Brock Bowers
87%
CHI 966 D.J. Moore
87%
SFF 1,106 George Kittle
87%
PIT 900 George Pickens
87%
DEN 1,081 Courtland Sutton
84%
SEA 1,130 Jaxon Smith-Njigba
84%
LAC 1,149 Ladd McConkey
84%
TEN 1,017 Calvin Ridley
79%
KAN 823 Travis Kelce
79%
ARI 1,146 Trey McBride
79%
CAR 615 Adam Thielen
73%
GBP 857 Jayden Reed
73%
BUF 821 Khalil Shakir
70%
NEP 674 Hunter Henry
60%
IND 824 Alec Pierce
58%
NOS 548 Juwan Johnson
57%
No matching quizzes found
Score Distribution
Percent of People with Each Score
Percentile by Number Answered
Your Score History
You have not taken this quiz since the last reset